Princesa Ana (Record no. 15181)

MARC details
000 -LÍDER
campo de controle de tamanho fixo 00356 a2200169 4500
001 - NÚMERO DE CONTROLE
campo de controle 15181
020 ## - ISBN - INTERNATIONAL STANDARD BOOK NUMBER
ISBN - International Standard Book Number 9788526284944
040 ## - FONTE DA CATALOGAÇÃO
Instituição que transcreveu o registro Anchieta - Aquarius
100 ## - ENTRADA PRINCIPAL--NOME PESSOAL
Nome pessoal Franck, Ed
240 10 - TÍTULO UNIFORME
Título uniforme Princesa Ana
Idioma da obra por
245 10 - TÍTULO
Título Princesa Ana
300 ## - DESCRIÇÃO FÍSICA
Extensão 31
362 0# - DATAS DE PUBLICAÇÃO E/OU DESIGNAÇÃO SEQUENCIAL
Datas de publicação e/ou designação sequencial 2011
440 #1 - DECLARAÇÃO DE SÉRIE/ENTRADA ADICIONADA--TÍTULO
Título Scipione
650 #4 - ASSUNTO--TERMO TÓPICO
Cabeçalho tópico ou nome geográfico Literatura infanto-juvenil
942 ## - ELEMENTOS DE ENTRADA ADICIONADOS (KOHA)
Tipo de material Koha Livros
Holdings
Situação do descarte Situação das perdas Situação física Não pode ser emprestado Biblioteca de origem Biblioteca atual Data de aquisição Total de empréstimos Número de chamada completo Código de barras Data de último acesso Data do preço efetivo Tipo de material Koha Fonte da classificação ou esquema de arquivamento na estante Nota pública
        Colégio Anchieta - Aquarius Colégio Anchieta - Aquarius 21/11/2023   028.5 FRA PRI 7288/AQU 21/11/2023 21/11/2023 Livros    
        Colégio Anchieta - Bela Vista Colégio Anchieta - Bela Vista 21/11/2023   028.5 F822p FRA PRI 4553/BEL 21/11/2023 21/11/2023 Livros    
        Colégio Anchieta - Bela Vista Colégio Anchieta - Bela Vista 21/11/2023   028.5 F822p FRA PRI 4554/BEL 21/11/2023 21/11/2023 Livros    
        Colégio São Paulo Colégio São Paulo 21/11/2023   028.5 FRA PRI 3373/ITA 21/11/2023 21/11/2023 Livros    
        Colégio São Paulo Colégio São Paulo 21/11/2023   028.5 FRA PRI 3374/ITA 21/11/2023 21/11/2023 Livros    
        Novo Tempo - Aureliano São José Novo Tempo - Aureliano São José 08/07/2024     if947 08/07/2024 08/07/2024 Livros Classificação Decimal de Dewey P
        Novo Tempo - Aureliano São José Novo Tempo - Aureliano São José 08/07/2024     if948 08/07/2024 08/07/2024 Livros Classificação Decimal de Dewey P